Les pays dont le nom contiennent un A et un Z - Statistiques

Statistiques générales
  • Ce quiz a été pris 327 fois
  • Le résultat moyen est 8 sur 11
Statistiques - réponses
Nom du pays % Correct
10 Zambie
92%
11 Zimbabwe
92%
1 Azerbaïdjan
86%
2 Kazakhstan
75%
6 Ouzbékistan
73%
4 Mozambique
70%
3 Kirghizistan
64%
8 Tanzanie
63%
5 Nouvelle-Zélande
60%
9 Venezuela
56%
7 Swaziland
41%
Aucun quiz correspondant
Distribution des résultats
% des personnes avec chaque résultat
Percentile par nombre de réponses
Votre historique - résultats
Vous n’avez pas pris ce quiz